ბათუმის შოთა რუსთაველის სახელმწიფო უნივერსიტეტის ბიბლიოთეკა

საშობაო მეჯლისი. საზღაური (ბიბ.ჩანაწერი № 48539)

000 -LEADER
fixed length control field 00797nam a2200241Ia 4500
001 - CONTROL NUMBER
control field 15436
003 - CONTROL NUMBER IDENTIFIER
control field GE_BSU
008 - FIXED-LENGTH DATA ELEMENTS--GENERAL INFORMATION
fixed length control field 181216s||||||||xx |||||||||||||| ||und||
040 ## - CATALOGING SOURCE
Transcribing agency GE_BSU
080 ## - UNIVERSAL DECIMAL CLASSIFICATION NUMBER
Universal Decimal Classification number 821.353.1-31
100 ## - MAIN ENTRY--PERSONAL NAME
Personal name ჩადუნელი,იორამ
245 ## - TITLE STATEMENT
Title საშობაო მეჯლისი. საზღაური
245 ## - TITLE STATEMENT
Remainder of title რომანები
245 ## - TITLE STATEMENT
Statement of responsibility, etc. რედ. ნ.იაშვილი.მხატვ.ზ. ფორჩხიძე
260 ## - PUBLICATION, DISTRIBUTION, ETC.
Place of publication, distribution, etc. თბილისი
260 ## - PUBLICATION, DISTRIBUTION, ETC.
Name of publisher, distributor, etc. საბჭ. საქართველო
260 ## - PUBLICATION, DISTRIBUTION, ETC.
Date of publication, distribution, etc. 1986
300 ## - PHYSICAL DESCRIPTION
Extent 518გვ.22სმ.
653 ## - INDEX TERM--UNCONTROLLED
Uncontrolled term რომანები
653 ## - INDEX TERM--UNCONTROLLED
Uncontrolled term საზღაური
653 ## - INDEX TERM--UNCONTROLLED
Uncontrolled term საშობაო მეჯლისი
942 ## - ADDED ENTRY ELEMENTS (KOHA)
Koha item type წიგნი
ეგზემპლარები
Withdrawn status Lost status Damaged status Not for loan Date acquired Barcode Date last seen Price effective from Koha item type
        2018-12-17 38376 2018-12-17 2018-12-17 წიგნი